| 000 | 00513 a2200157 4500 | ||
|---|---|---|---|
| 999 |
_c3298 _d3298 |
||
| 020 | _a0137595808 | ||
| 050 | _aKF3455 SHI 1998 | ||
| 100 |
_aShilling, Dana _eAuthor |
||
| 245 |
_aThe complete guide to human resources and the law _cDana Shilling |
||
| 264 |
_aParamus, NJ : _bPrentice Hall, _c1998 |
||
| 300 | _axix, 628 p. | ||
| 500 | _aIncludes bibliographical references (p. 587-617) and index | ||
| 650 | _aLabor laws and legislation | ||
| 650 | _aPersonnel management | ||
| 942 |
_2lcc _cBK _h3455 _iSHI _k1998 |
||